• 首页
  • 本馆介绍
  • 公告通知
  • 最新文献
  • 馆藏检索
  • 电子资源
  • 读者导购
  • 参考咨询
  • 我的图书馆
  • 登录
  • 详细信息显示
  • 放入我的书架
  • 预约/预借图书
  • 作者相关作品
  • 分类相关作品
  • 丛书相关作品
  • 出版社相关作品

书目信息

  • 表格格式
  • 工作单格式
  • 卡片格式
题名:
化学原理与化学分析
    
 
作者: 汤启昭 主编 ;蔡自由 编
分册:  
出版信息: 北京   科学出版社  2009.12
页数: 434页
开本: 26cm
丛书名:
单 册:
中图分类: O6 , O65
科图分类:
主题词: 普通化学--高等教育--教材 , 化学分析--高等教育--教材 , 普通化学 , 化学分析
电子资源:
ISBN: 978-7-03-026310-0
000 01023nam0 2200313 450
001 002724015
005 20170327102434.60
010    @a978-7-03-026310-0@dCNY59.00
100    @a20100227d2009 em y0chiy0110 ea
101 0  @achi
102    @aCN@b110000
105    @aak z 000yy
106    @ar
200 1  @a化学原理与化学分析@9hua xue yuan li yu hua xue fen xi@f汤启昭主编@g蔡自由[等]编
205    @a2版
210    @a北京@c科学出版社@d2009.12
215    @a434页@c图@d26cm
300    @a普通高等教育“十一五”国家级规划教材 全国高职高专药学类专业规划教材
330    @a本书包括6个模块;准备知识;溶液中的化学平衡原理与四类化学滴定方法;物质结构与性质及光谱产生原理;离子的化学性质与化学鉴定等。
606 0  @a普通化学@x高等教育@j教材
606 0  @a化学分析@x高等教育@j教材
606 0  @a普通化学
606 0  @a化学分析
690    @aO6@v5
690    @aO65@v5
701  0 @a汤启昭@9tang qi zhao@4主编
702  0 @a蔡自由@9cai zi you@4编
801  0 @aCN@bRENTIAN@c20100227
905    @b981656-59@dO6@e688=2@f4
    
    化学原理与化学分析/汤启昭主编/蔡自由[等]编.-2版.-北京:科学出版社,2009.12
    434页:图;26cm
    普通高等教育“十一五”国家级规划教材 全国高职高专药学类专业规划教材
    
    ISBN 978-7-03-026310-0:CNY59.00
    本书包括6个模块;准备知识;溶液中的化学平衡原理与四类化学滴定方法;物质结构与性质及光谱产生原理;离子的化学性质与化学鉴定等。
●
相关链接 在E读中查询图书 在五车中查询图书 在当当中查询图书 在豆瓣中查询图书


正题名:化学原理与化学分析     索取号:O6/688=2         预约/预借

序号 登录号 条形码 馆藏地/架位号 状态 备注
1 981656   209816564   第二样本阅览室/ [索取号:O6/688=2] 在馆    
2 981657   209816573   第三借阅区/ [索取号:O6/688=2] 在馆    
3 981658   209816582   密集书库-化学系/ [索取号:O6/688=2] 在馆    
4 981659   209816591   第三借阅区/ [索取号:O6/688=2] 在馆    
唐山师范学院图书馆 欢迎您!
大连网信软件有限公司© 版权所有